000 02809cas a2200685 a 4500
001 data
005 20260322212111.0
007 data
008 data
010 _a 92649140
016 7 _a010474841
_2Uk
019 _a1063430200
022 _y0785-3572
029 1 _aAU@
_b000009766517
029 1 _aNZ1
_b16066726
029 1 _aUKMGB
_b010474841
035 _a(OCoLC)27143605
037 _bBank of Finland, P.O. Box 160, SF-00101 Helsinki, Finland
040 _aDLC
_beng
_cDLC
_dOCLCL
_dDLC
_dUKMGB
_dOCLCO
_dOCLCQ
_dOCLCF
_dOCLCA
_dOCLCQ
_dOCLCL
041 0 _afin
_afin
042 _apcc
043 _ae-fi---
050 0 0 _aHG37.F5
_bB36
245 0 0 _aBank of Finland discussion papers =
_bSuomen Pankin keskustelualoitteita = Finlands banks diskussionsunderlag.
246 3 1 _aSuomen Pankin keskustelualoitteita
246 3 1 _aFinlands banks diskussionsunderlag
260 _aHelsinki :
_bThe Bank
300 _avolumes ;
_c30 cm
310 _aIrregular
336 _atext
_btxt
_2rdacontent
337 _aunmediated
_bn
_2rdamedia
338 _avolume
_bnc
_2rdacarrier
362 1 _aBegan in 1988.
530 _aFull-text copies of most issues from 1999 forward are also available via the Internet at the Bank of Finland web site.
546 _aChiefly in English; some issues in Finnish.
588 _aDescription based on: 88/10; title from cover.
588 _aLatest issue consulted: 92/5.
650 0 _aFinance.
650 0 _aFinance
_zFinland.
650 7 _aFinance.
_2fast
_0(OCoLC)fst00924349
651 7 _aFinland.
_2fast
_0(OCoLC)fst01205503
_1https://id.oclc.org/worldcat/entity/E39PBJtMjwrX6pdK3hJc64v8md
710 2 _aSuomen Pankki.
_1https://id.oclc.org/worldcat/entity/E39QQPVp7XPTbxXPVJjxx3FcJt
785 0 0 _tBank of Finland research discussion papers
_x0785-3572
_w(OCoLC)66526453
_w(OCoLC)66526453
859 4 1 _zView full-text copies and abstracts at the Bank's web site.
_uhttp://www.bof.fi/en/julkaisut/tutkimukset/keskustelualoitteet/index.htm?year=2010
906 _a7
_bcbc
_cserials
_d1
_encip
_f19
_gn-oclcserc
925 0 _aacquire
_b1 shelf copy
_eBEAT project serial, coll. set for SAR n91-41944
_xpolicy default
249 0 _iACQUIRE Title:
_aBank of Finland Discussion Papers = Suomen Pankin Keskustelualoitteita
590 _aSERBIB/SERLOC merged record
592 _aACQN: aq 97006299, ec97014822, 94002317
592 _aRECD: 1988, nr.1 through 1999: nr. 1,2,4,9,11-14, 17; 2000:1,3-17,19-24; 2001:1-11,13-20,24-25
592 _aThere are some gaps in our holdings
890 _aBank of Finland discussion papers.
_i92-649140
985 _eeserial 200406
991 _bc-GenColl
_hHG37.F5
_iB36
_wSERIALS
991 _bc-Ser
_wACQUIRE
992 _bEMPTY
_wACQUIRE
992 _bSER
_wSERLOC
999 _c1666
_d1666